छल (Record no. 162147)
| 000 -LEADER | |
|---|---|
| fixed length control field | 00537nam a2200193Ia 4500 |
| 003 - CONTROL NUMBER IDENTIFIER | |
| control field | LDD |
| 008 - FIXED-LENGTH DATA ELEMENTS--GENERAL INFORMATION | |
| fixed length control field | 190117s9999 xx 000 0 und d |
| 020 ## - INTERNATIONAL STANDARD BOOK NUMBER | |
| International Standard Book Number | 9789352211227 |
| Terms of availability | ₹495 |
| 040 ## - CATALOGING SOURCE | |
| Transcribing agency | LDD |
| 041 ## - LANGUAGE CODE | |
| Language code of text/sound track or separate title | hi |
| 082 ## - DEWEY DECIMAL CLASSIFICATION NUMBER | |
| Classification number | 8H3.7 ना1664छ |
| 100 ## - MAIN ENTRY--PERSONAL NAME | |
| Personal name | नागर, अचला |
| 245 #0 - TITLE STATEMENT | |
| Title | छल |
| Statement of responsibility, etc. | अचला नागर |
| 260 ## - PUBLICATION, DISTRIBUTION, ETC. | |
| Name of publisher, distributor, etc. | लोकभारती |
| Date of publication, distribution, etc. | 2016 |
| 300 ## - PHYSICAL DESCRIPTION | |
| Extent | 223p. |
| 901 ## - LOCAL DATA ELEMENT A, LDA (RLIN) | |
| a | RAJ |
| 904 ## - LOCAL DATA ELEMENT D, LDD (RLIN) | |
| a | Reqst by : Satyakam |
| 942 ## - ADDED ENTRY ELEMENTS (KOHA) | |
| Source of classification or shelving scheme | Dewey Decimal Classification |
| Koha item type | Hindi Books |
| Withdrawn status | Lost status | Source of classification or shelving scheme | Damaged status | Not for loan | Home library | Current library | Date acquired | Total Checkouts | Total Renewals | Full call number | Barcode | Date last seen | Date last checked out | Price effective from | Koha item type |
|---|---|---|---|---|---|---|---|---|---|---|---|---|---|---|---|
| No | Dewey Decimal Classification | Library and Documentation Division | Library and Documentation Division | 01/17/2019 | 1 | 2 | 8H3.7 ना1664छ | H020823 | 01/13/2021 | 09/03/2020 | 01/17/2019 | Hindi Books |
